United Kingdom minerals yearbook 2004 (Record no. 103923)
[ view plain ]
| 000 -LEADER | |
|---|---|
| fixed length control field | 01194cam a2200325 4500 |
| 001 - CONTROL NUMBER | |
| control field | ##L128480 |
| 008 - FIXED-LENGTH DATA ELEMENTS--GENERAL INFORMATION | |
| fixed length control field | 000000n2005 000 0 eng u |
| 020 ## - INTERNATIONAL STANDARD BOOK NUMBER | |
| International Standard Book Number | 0852725159 |
| 035 ## - SYSTEM CONTROL NUMBER | |
| System control number | (Sirsi) u128480 |
| 041 0# - LANGUAGE CODE | |
| Language code of text/sound track or separate title | eng |
| 050 04 - LIBRARY OF CONGRESS CALL NUMBER | |
| Classification number | 338.20212 |
| -- | 18 |
| 110 2# - MAIN ENTRY--CORPORATE NAME | |
| Corporate name or jurisdiction name as entry element | British Geological Survey |
| 9 (RLIN) | 1581 |
| 245 00 - TITLE STATEMENT | |
| Title | United Kingdom minerals yearbook 2004 |
| 260 ## - PUBLICATION, DISTRIBUTION, ETC. | |
| Place of publication, distribution, etc. | Keyworth |
| Name of publisher, distributor, etc. | British Geological Survey |
| Date of publication, distribution, etc. | 2005 |
| 300 ## - PHYSICAL DESCRIPTION | |
| Extent | vi, 102p |
| Other physical details | maps, graphs, tables |
| Dimensions | 30cm. |
| 350 ## - PRICE (NR) (BK AM CF MU VM SE) [OBSOLETE] | |
| Price | 44 |
| 520 ## - SUMMARY, ETC. | |
| Summary, etc. | This annual publication provides comprehensive statistical data on minerals production, consumption and trade to 2003, estimates of production for major mineral commodities in 2003, and a commentary on the UK minerals industry during that year. Available to view online (after registration) at www.bgs.ac.uk. |
| 650 24 - SUBJECT ADDED ENTRY--TOPICAL TERM | |
| Topical term or geographic name entry element | MINERALS STATISTICS |
| 650 24 - SUBJECT ADDED ENTRY--TOPICAL TERM | |
| Topical term or geographic name entry element | CONSTRUCTION MINERALS |
| 650 24 - SUBJECT ADDED ENTRY--TOPICAL TERM | |
| Topical term or geographic name entry element | AGGREGATES |
| 650 24 - SUBJECT ADDED ENTRY--TOPICAL TERM | |
| Topical term or geographic name entry element | STATISTICS |
| 690 ## - LOCAL SUBJECT ADDED ENTRY--TOPICAL TERM (OCLC, RLIN) | |
| Topical term or geographic name as entry element | PROPERTY-RURAL AND NATURAL ASSETS-MINERAL RESOURCES |
| 700 2# - ADDED ENTRY--PERSONAL NAME | |
| Personal name | Hillier, J. A. |
| 700 2# - ADDED ENTRY--PERSONAL NAME | |
| Personal name | Taylor, L. E. |
| 700 2# - ADDED ENTRY--PERSONAL NAME | |
| Personal name | Highley, D. E. |
| 700 2# - ADDED ENTRY--PERSONAL NAME | |
| Personal name | Hitchen, K. |
| 700 2# - ADDED ENTRY--PERSONAL NAME | |
| Personal name | Colman, T. B. |
| 700 2# - ADDED ENTRY--PERSONAL NAME | |
| Personal name | Chapman, G. R. |
| 942 ## - ADDED ENTRY ELEMENTS (KOHA) | |
| Suppress in OPAC | 0 |
| Withdrawn status | Lost status | Source of classification or shelving scheme | Damaged status | Not for loan | Home library | Current library | Shelving location | Date acquired | Total Checkouts | Full call number | Barcode | Date last seen | Copy number | Price effective from | Koha item type |
|---|---|---|---|---|---|---|---|---|---|---|---|---|---|---|---|
| Dewey Decimal Classification | London | London | Statistics | 02/12/2005 | STATISTICS | 30070594 | 06/08/2019 | 1 | 06/08/2019 | Reference material |